Public service motivation, relationship job design, and job satisfaction in local government (Record no. 106906)

000 -LEADER
fixed length control field 01384pab a2200217 454500
008 - FIXED-LENGTH DATA ELEMENTS--GENERAL INFORMATION
fixed length control field 180718b2014 xxu||||| |||| 00| 0 eng d
100 ## - MAIN ENTRY--PERSONAL NAME
Personal name Taylor, Jeannette
245 ## - TITLE STATEMENT
Title Public service motivation, relationship job design, and job satisfaction in local government
260 ## - PUBLICATION, DISTRIBUTION, ETC.
Date of publication, distribution, etc. 2014
300 ## - PHYSICAL DESCRIPTION
Extent p.902-918.
520 ## - SUMMARY, ETC.
Summary, etc. This study seeks to examine whether and how a group of Australian local government workers' perceptions of two relational job characteristics ヨ impact on citizens and contact with citizens ヨ influence the relationship between public service motivation (PSM) and job satisfaction. Government employees who have strong norms about performing public service were found to be more satisfied with their job partly based on the extent to which they perceived that their jobs provided avenues for worthwhile accomplishment through the frequency, magnitude, and scope of job impact. In contrast, the employees' perceptions of the frequency and breadth of contact with the recipients of their service did not significantly influence PSM, or the association between PSM and job satisfaction. - Reprodu
650 ## - SUBJECT ADDED ENTRY--TOPICAL TERM
Topical term or geographic name entry element Job description
650 ## - SUBJECT ADDED ENTRY--TOPICAL TERM
Topical term or geographic name entry element Local government
650 ## - SUBJECT ADDED ENTRY--TOPICAL TERM
Topical term or geographic name entry element Job satisfaction
650 ## - SUBJECT ADDED ENTRY--TOPICAL TERM
Topical term or geographic name entry element Public administration
650 ## - SUBJECT ADDED ENTRY--TOPICAL TERM
Topical term or geographic name entry element Civil service
650 ## - SUBJECT ADDED ENTRY--TOPICAL TERM
Topical term or geographic name entry element Motivation
773 ## - HOST ITEM ENTRY
Main entry heading Public Administration
908 ## - PUT COMMAND PARAMETER (RLIN)
Put command parameter N
909 ## -
-- 106911
Holdings
Withdrawn status Lost status Damaged status Not for loan Permanent Location Current Location Date acquired Serial Enumeration / chronology Barcode Date last seen Price effective from Koha item type
        Indian Institute of Public Administration Indian Institute of Public Administration 2018-07-19 Volume no: 92, Issue no: 4 AR107371 2018-07-19 2018-07-19 Articles

Powered by Koha